Sosyalizm sözlüğü : (Record no. 14567)
[ view plain ]
| 000 -BAŞLIK | |
|---|---|
| Sabit Uzunlukta Kontrol Alanı | 00599nam a22002057a 4500 |
| 999 ## - SİSTEM KONTROL NUMARALARI (KOHA) | |
| Koha Biblionumber | 14567 |
| Koha Biblioitemnumber | 14567 |
| 003 - KONTROL NUMARASI IDENTIFIER | |
| Denetim Alanı | MIRAKIL |
| 005 - SON İŞLEM TARİHİ VE ZAMANI | |
| Denetim Alanı | 20211019171300.0 |
| 008 - SABİT-BOY VERİ ELEMANLARI - GENEL BİLGİLER | |
| Sabit Uzunlukta Kontrol Alanı | 211019b tu ||||| |||| 00| 0 tur d |
| 040 ## - KATALOGLAMA KAYNAK | |
| Orijinal Kataloglama Ajansı | TR-AnCHP |
| Metne Dönüştürmek Ajansı | TR-AnCHP |
| 041 ## - DİL KODU | |
| Metin / Ses Parça Veya Ayrı Başlığın Dil Kodu | Tur |
| 082 ## - DEWEY ONLU SINIFLANDIRMA NUMARASI | |
| Sınıflandırma Numarası | 320.53103 |
| Ürün Numarası | B27s 1965 |
| 100 ## - ANA GİRİŞ - KİŞİSEL İSİM | |
| Kişisel Ad | Başar, Erdoğan |
| 245 10 - BAŞLIK TABLOSU | |
| Başlık | Sosyalizm sözlüğü : |
| Başlığın Kalan | Kavramlar-biyografiler / |
| Sorumluluk Tablosu, Vb | Erdoğan Başar. |
| 260 ## - YAYIN, DAĞITIM, VB | |
| Yayın, Dağıtım, Vb Yeri | Ankara: |
| Yayıncı, Dağıtıcı, Vs Adı | Toplum Yayınları, |
| Yayın, Dağıtım, Vb Tarihi | 1965. |
| 300 ## - FİZİKSEL TANIM | |
| Kapsam | 156 s.: |
| Boyutlar | 19 sm. |
| 490 0# - SERİSİ TABLOSU | |
| Seri Beyanı | Toplum Yayınları; |
| Hacim / Ardışık Tanımı | 17. |
| 504 ## - KAYNAKÇA VB NOT | |
| Kaynakça Vb Notu | Kaynakça vardır. |
| 650 #0 - KONU KATMA GİRİŞ - TOPİKAL DÖNEM | |
| 9 (RLIN) | 826 |
| Topikal Süreli Veya Coğrafi Ad Giriş Elemanı | Sosyalizm |
| Genel Alt Bölümü | sözlükler |
| 942 ## - EKLENDİ GİRİŞ ELEMANLARI (KOHA) | |
| Sınıflandırma Veya Raf Düzeni Kaynak | Dewey Decimal Classification |
| Koha Öğesi Türü | Books |
| Kalıcı Konum | Mevcut Konum | Edinme Tarihi | Toplam Check-Out'Lar | Tam Çağrı Numarası | Barkod | Tarih Son Görülme | İtibaren Geçerli Fiyatlar | Sigara Kamu Notu | Koha Öğesi Türü |
|---|---|---|---|---|---|---|---|---|---|
| CHP Kütüphanesi | CHP Kütüphanesi | 10/19/2021 | 320.53103 B27s 1965 | 020064 | 10/19/2021 | 10/19/2021 | Emin Değer Bağışıdır. | Books |
